[Event "CYCC U12"]
[Site "Windsor CAN"]
[Date "2010.07.06"]
[Round "1"]
[White "O'Neil, Michael"]
[Black "Plotkin, Mark"]
[Result "0-1"]
[WhiteElo "1080"]
[BlackElo "1826"]
[PlyCount "94"]
[EventDate "2010.07.06"]
[EventType "swiss"]
[EventRounds "7"]
[EventCountry "CAN"]

1. d4 d5 2. c4 c6 3. Nc3 Nf6 4. Bg5 e6 5. e4 dxe4 6. Nxe4 Bb4+ 7. Nc3 Bxc3+ 8.
bxc3 Qa5 9. Qb3 Qxg5 10. Nf3 Qa5 11. Bd3 O-O 12. O-O Nbd7 13. Rfe1 Rd8 14. Ne5
Nxe5 15. Rxe5 Qc7 16. h3 b6 17. Rd1 c5 18. Be4 Nxe4 19. Rxe4 Bb7 20. d5 Rd7 21.
Re2 Rad8 22. Red2 g6 23. a4 exd5 24. cxd5 c4 25. Qb5 a6 26. d6 Qc6 27. Qxc6
Bxc6 28. Rb1 Rxd6 29. Rxd6 Rxd6 30. Rxb6 Rd1+ 31. Kh2 Bxa4 32. Rxa6 Bb3 33. g4
Rd3 34. Rc6 Rxc3 35. f3 Rxf3 36. Kg2 Rd3 37. Ra6 c3 38. Kf2 c2 39. Rc6 Rxh3 40.
Ke2 Rh1 41. Kd2 Rd1+ 42. Ke2 c1=N+ 43. Ke3 Rd3+ 44. Kf4 Ne2+ 45. Ke4 Bd5+ 46.
Kxd3 Nf4+ 47. Ke3 Ng2+ 0-1

[Event "CYCC U12"]
[Site "Windsor CAN"]
[Date "2010.07.06"]
[Round "2"]
[White "Plotkin, Mark"]
[Black "Rice, Steven"]
[Result "1-0"]
[WhiteElo "1826"]
[BlackElo "1116"]
[PlyCount "49"]
[EventDate "2010.07.06"]
[EventType "swiss"]
[EventRounds "7"]
[EventCountry "CAN"]

1. e4 e5 2. Nf3 d6 3. d4 Nf6 4. Nc3 Nc6 5. dxe5 dxe5 6. Qxd8+ Kxd8 7. Bg5 Bb4
8. O-O-O+ Ke8 9. Bxf6 gxf6 10. Nd5 Ba5 11. Nxf6+ Ke7 12. Nd5+ Ke8 13. Bb5 Bg4
14. Nf6+ Kf8 15. Nxg4 Nb4 16. a3 Nc6 17. Bxc6 bxc6 18. Ngxe5 c5 19. Rd7 Ke8 20.
Rxf7 a6 21. Rd1 Rc8 22. Ng5 h6 23. Ne6 Bb6 24. Rd8+ Rxd8 25. Ng7# 1-0

[Event "CYCC U12"]
[Site "Windsor CAN"]
[Date "2010.07.07"]
[Round "3"]
[White "Lin, Tony (Juntao)"]
[Black "Plotkin, Mark"]
[Result "1-0"]
[WhiteElo "1882"]
[BlackElo "1826"]
[PlyCount "151"]
[EventDate "2010.07.06"]
[EventType "swiss"]
[EventRounds "7"]
[EventCountry "CAN"]

1. e4 c5 2. Nf3 d6 3. d4 cxd4 4. Nxd4 Nf6 5. Nc3 a6 6. Be3 Bd7 7. Bc4 e6 8. f3
Be7 9. Qd2 Qc7 10. Bb3 Nc6 11. g4 b5 12. g5 b4 13. Nce2 Nh5 14. O-O-O Rb8 15.
Kb1 O-O 16. Ng3 Nxd4 17. Qxd4 e5 18. Qd2 Nf4 19. Bxf4 exf4 20. Qxf4 a5 21. Nf5
Be6 22. Nxe7+ Qxe7 23. h4 Rb6 24. h5 Bxb3 25. cxb3 Rb5 26. Rdg1 f5 27. exf5
Rbxf5 28. Qc4+ Kh8 29. Qe4 Qxe4+ 30. fxe4 Rf4 31. Rd1 Rxe4 32. Rxd6 Rfe8 33.
Rd5 R4e5 34. Rhd1 Kg8 35. g6 hxg6 36. hxg6 Rxd5 37. Rxd5 Ra8 38. Kc2 Kf8 39.
Rf5+ Kg8 40. Kd3 Ra6 41. Kc4 Rxg6 42. Rxa5 Rg4+ 43. Kd3 Rg3+ 44. Kc4 Rg4+ 45.
Kb5 Rg5+ 46. Kxb4 Rxa5 47. Kxa5 g5 48. b4 g4 49. b5 g3 50. b6 g2 51. b7 g1=Q
52. b8=Q+ Kg7 53. Qc7+ Kg8 54. Qc4+ Kf8 55. b4 Ke8 56. Qc6+ Kf7 57. Qc7+ Ke8
58. a4 Qe1 59. Qc5 Kd7 60. Ka6 Qe4 61. a5 Kd8 62. b5 Qa8+ 63. Qa7 Qc8+ 64. Qb7
Qc3 65. b6 Qc5 66. Qa8+ Kd7 67. Qb8 Qc3 68. Qb7+ Kd6 69. Qb8+ Kd7 70. b7 Qc4+
71. Ka7 Qc5+ 72. Ka8 Qxa5+ 73. Qa7 Qd5 74. Qa4+ Kc7 75. Qc2+ Kb6 76. Qb3+ 1-0

[Event "CYCC U12"]
[Site "Windsor CAN"]
[Date "2010.07.07"]
[Round "4"]
[White "Plotkin, Mark"]
[Black "McCleary, Reuben"]
[Result "1-0"]
[WhiteElo "1826"]
[BlackElo "1598"]
[PlyCount "141"]
[EventDate "2010.07.06"]
[EventType "swiss"]
[EventRounds "7"]
[EventCountry "CAN"]

1. e4 e6 2. d4 d5 3. Nc3 Bb4 4. Nge2 c5 5. dxc5 Bxc5 6. Ng3 Nf6 7. exd5 exd5 8.
Bb5+ Bd7 9. Bxd7+ Qxd7 10. O-O O-O 11. Bg5 d4 12. Bxf6 gxf6 13. Nh5 Qf5 14. Ne4
Nd7 15. Qg4+ Qxg4 16. Nexf6+ Kh8 17. Nxg4 Rfe8 18. Ng3 Rad8 19. Rfe1 Nb6 20.
Rxe8+ Rxe8 21. Nf6 Re6 22. Nfe4 Bf8 23. f3 Bh6 24. Nf5 Be3+ 25. Nxe3 dxe3 26.
g4 Nd5 27. Re1 Nb4 28. c3 Nd3 29. Re2 Ne5 30. Rxe3 Nxf3+ 31. Rxf3 Rxe4 32. Rxf7
Rxg4+ 33. Kh1 Rg7 34. Rf8+ Rg8 35. Rxg8+ Kxg8 36. Kg2 Kf7 37. Kf3 Ke6 38. Kg4
Kf6 39. Kh5 Kg7 40. c4 b6 41. b4 Kf7 42. Kh6 Ke6 43. Kxh7 Ke5 44. Kg6 Kd4 45.
c5 bxc5 46. bxc5 Kxc5 47. h4 Kb4 48. h5 Ka3 49. h6 Kxa2 50. h7 Kb3 51. h8=Q a5
52. Qa1 a4 53. Kf5 a3 54. Ke4 a2 55. Kd3 Kb4 56. Qxa2 Kb5 57. Qe6 Kc5 58. Qe5+
Kc6 59. Kc4 Kb6 60. Qd6+ Ka7 61. Kc5 Ka8 62. Qc6+ Ka7 63. Qb6+ Ka8 64. Qb5 Ka7
65. Kc6 Ka8 66. Qe5 Ka7 67. Qc7+ Ka6 68. Qh2 Ka5 69. Qf4 Ka6 70. Qc1 Ka5 71.
Qa3# 1-0

[Event "CYCC U12"]
[Site "Windsor CAN"]
[Date "2010.07.08"]
[Round "5"]
[White "McCullough, David"]
[Black "Plotkin, Mark"]
[Result "0-1"]
[WhiteElo "1422"]
[BlackElo "1826"]
[Annotator ",user"]
[PlyCount "49"]
[EventDate "2010.07.06"]
[EventType "swiss"]
[EventRounds "7"]
[EventCountry "CAN"]

1. d4 d5 2. c4 c6 3. Nc3 Nf6 4. Bg5 dxc4 5. e4 b5 6. a4 b4 7. Bxf6 bxc3 8. Bxe7
Qxe7 9. bxc3 Qxe4+ 10. Qe2 Qxe2+ 11. Bxe2 Be6 12. Nh3 Bxh3 13. gxh3 Bd6 14.
Bxc4 O-O 15. O-O Nd7 16. a5 Rfe8 17. Rab1 Rab8 18. a6 Rxb1 19. Rxb1 Nb6 20. Bd3
c5 21. dxc5 Bxc5 22. Bb5 Rd8 23. Re1 f6 24. Kg2 Rd2 25. c4 {etc.} 0-1

[Event "CYCC U12"]
[Site "Windsor CAN"]
[Date "2010.07.08"]
[Round "6"]
[White "Plotkin, Mark"]
[Black "Song, Michael"]
[Result "1/2-1/2"]
[WhiteElo "1826"]
[BlackElo "1866"]
[PlyCount "166"]
[EventDate "2010.07.06"]
[EventType "swiss"]
[EventRounds "7"]
[EventCountry "CAN"]

1. e4 d6 2. d4 Nf6 3. Nc3 e5 4. dxe5 dxe5 5. Qxd8+ Kxd8 6. Bg5 h6 7. O-O-O+ Bd6
8. Bxf6+ gxf6 9. Nb5 Ke7 10. Rxd6 cxd6 11. Nc7 Be6 12. Nxa8 Kd7 13. Bd3 Nc6 14.
Nb6+ axb6 15. a3 Rg8 16. g3 Nd4 17. Ne2 Nxe2+ 18. Bxe2 f5 19. exf5 Bxf5 20. Rd1
Kc7 21. Bc4 Be6 22. Bxe6 fxe6 23. Kd2 d5 24. Ke3 Kd6 25. Rd3 Rf8 26. f3 Rc8 27.
c3 Rc4 28. b3 Rc5 29. g4 Ra5 30. a4 b5 31. axb5 Rxb5 32. c4 Rc5 33. h4 Rc7 34.
Rd2 Rf7 35. Rg2 b6 36. g5 hxg5 37. hxg5 d4+ 38. Ke2 Rg7 39. g6 Ke7 40. Kd3 Kf8
41. Ke4 Rd7 42. Kxe5 d3 43. Rd2 Kg7 44. Kxe6 Rd8 45. Kf5 b5 46. cxb5 Rd5+ 47.
Ke4 Rxb5 48. Rxd3 Kxg6 49. Kd4 Kf6 50. Kc4 Rb8 51. b4 Rc8+ 52. Kb3 Ke5 53. Kb2
Rb8 54. Rb3 Kd4 55. b5 Kc5 56. b6 Rxb6 57. Rxb6 Kxb6 58. Kc3 Kc5 59. Kd3 Kd5
60. Ke3 Ke5 61. f4+ Kf5 62. Kf3 Kf6 63. Ke4 Ke6 64. Kd4 Kf5 65. Ke3 Kf6 66. Kf2
Kf5 67. Kg3 Kf6 68. Kg4 Kg6 69. Kh3 Kf5 70. Kg3 Kf6 71. Kg4 Kg6 72. f5+ Kf6 73.
Kf4 Kf7 74. Ke4 Kf6 75. Kf4 Kf7 76. Kg5 Kg7 77. f6+ Kf7 78. Kf5 Kf8 79. Kf4 Kf7
80. Kg5 Kf8 81. Kg6 Kg8 82. f7+ Kf8 83. Kh7 Kxf7 1/2-1/2

[Event "Toronto Closed reserves"]
[Site "Toronto CAN"]
[Date "2010.01.26"]
[Round "1"]
[White "Plotkin, Mark"]
[Black "Armstrong, Robert J"]
[Result "1-0"]
[WhiteElo "1770"]
[BlackElo "1746"]
[PlyCount "61"]
[EventDate "2010.01.26"]
[EventType "tourn"]
[EventRounds "7"]
[EventCountry "CAN"]

1. e4 g6 2. d4 Bg7 3. f4 d6 4. Nf3 Nf6 5. e5 Nfd7 6. c4 O-O 7. Be2 c5 8. exd6
exd6 9. d5 Nf6 10. O-O Re8 11. Re1 Nbd7 12. f5 Ne4 13. fxg6 hxg6 14. Bd3 Ndf6
15. Nbd2 Nxd2 16. Bxd2 Bg4 17. h3 Rxe1+ 18. Bxe1 Bxf3 19. Qxf3 Nh5 20. Rb1 Qg5
21. b4 Re8 22. Bf2 cxb4 23. Rxb4 b6 24. Ra4 Qc1+ 25. Bf1 Nf4 26. Rxa7 f5 27. g4
Ne2+ 28. Kg2 Nf4+ 29. Kh2 Qxf1 30. Rxg7+ Kxg7 31. Bd4+ 1-0

[Event "Toronto Closed reserves"]
[Site "Toronto CAN"]
[Date "2010.02.02"]
[Round "2"]
[White "Zator, Ed"]
[Black "Plotkin, Mark"]
[Result "0-1"]
[WhiteElo "1911"]
[BlackElo "1770"]
[PlyCount "80"]
[EventDate "2010.01.26"]
[EventType "tourn"]
[EventRounds "7"]
[EventCountry "CAN"]

1. e4 e5 2. Nf3 Nf6 3. Nc3 Nc6 4. Bc4 Nxe4 5. Bxf7+ Kxf7 6. Nxe4 d5 7. Neg5+
Kg8 8. d3 h6 9. Nh3 Bg4 10. c3 Qf6 11. O-O Rd8 12. Qe2 g5 13. Kh1 Re8 14. Nhg1
e4 15. dxe4 dxe4 16. Qc4+ Be6 17. Qxe4 Kf7 18. Be3 Bxa2 19. Qc2 Bd5 20. Nd4 a6
21. Nxc6 Qxc6 22. Qf5+ Kg8 23. Nf3 Rh7 24. Rad1 Be4 25. Qh3 Rg7 26. Nd4 Qg6 27.
f3 Bd3 28. Rfe1 c5 29. Rxd3 Qxd3 30. Nf5 Rg6 31. g4 Rge6 32. Qh5 Bg7 33. Rg1
Qd5 34. Kg2 Rxe3 35. Rf1 Re2+ 36. Kh3 Qf7 37. Qxf7+ Kxf7 38. Nd6+ Kg6 39. Nxe8
Rxe8 40. Rd1 Re6 0-1

[Event "Toronto Closed reserves"]
[Site "Toronto CAN"]
[Date "2010.02.09"]
[Round "3"]
[White "Plotkin, Mark"]
[Black "Chernik, Dmitry"]
[Result "0-1"]
[WhiteElo "1770"]
[BlackElo "1801"]
[PlyCount "86"]
[EventDate "2010.01.26"]
[EventType "tourn"]
[EventRounds "7"]
[EventCountry "CAN"]

1. e4 c5 2. Nf3 Nc6 3. d4 cxd4 4. Nxd4 Nf6 5. Nc3 d6 6. Be2 g6 7. Be3 Bg7 8.
O-O O-O 9. Kh1 a6 10. a4 e5 11. Nb3 Be6 12. f4 Qd7 13. fxe5 dxe5 14. Nc5 Qe7
15. Nd5 Bxd5 16. exd5 Nd4 17. Rxf6 Bxf6 18. Ne4 Bg7 19. c3 Nxe2 20. Bc5 Qh4 21.
Qxe2 Rfc8 22. b4 b5 23. Nd6 Rd8 24. axb5 axb5 25. Rxa8 Rxa8 26. Nxb5 Ra1+ 27.
Bg1 Re1 28. Qf3 e4 29. Qg3 Qxg3 30. hxg3 e3 31. Nd4 Bxd4 32. cxd4 e2 33. Kh2
Rxg1 34. Kxg1 e1=Q+ 35. Kh2 Qxb4 36. Kh3 Qxd4 37. g4 Qxd5 38. g5 Qxg5 39. g4 h5
40. gxh5 gxh5 41. Kh2 h4 42. Kh1 h3 43. Kh2 Qg2# 0-1

[Event "Toronto Closed reserves"]
[Site "Toronto CAN"]
[Date "2010.02.16"]
[Round "4"]
[White "Florea, Alexandru"]
[Black "Plotkin, Mark"]
[Result "1-0"]
[WhiteElo "2035"]
[BlackElo "1770"]
[PlyCount "119"]
[EventDate "2010.01.26"]
[EventType "tourn"]
[EventRounds "7"]
[EventCountry "CAN"]

1. e4 e5 2. Nf3 Nf6 3. Nxe5 d6 4. Nf3 Nxe4 5. Nc3 Nf6 6. d4 d5 7. Bg5 Be7 8.
Qd2 O-O 9. Bd3 Re8 10. O-O-O h6 11. Bh4 Ne4 12. Bxe7 Rxe7 13. Bxe4 dxe4 14. Ne5
Nd7 15. Qf4 Nxe5 16. dxe5 Qe8 17. Nd5 Be6 18. Nf6+ gxf6 19. Qg3+ Kh7 20. exf6
Qf8 21. fxe7 Qxe7 22. Qe5 Qg5+ 23. Qxg5 hxg5 24. Rhe1 Bf5 25. h3 Re8 26. g4 Bc8
27. f3 e3 28. Rd3 e2 29. Kd2 b6 30. c4 Ba6 31. b3 b5 32. Rc3 bxc4 33. bxc4 Rb8
34. Rxe2 Kg6 35. Kc2 Kf6 36. Re4 Bb7 37. Rd4 Bc6 38. f4 Ba4+ 39. Kc1 Re8 40.
Kd2 Rb8 41. Kc1 Re8 42. Kd2 Rb8 43. fxg5+ Kxg5 44. Rd5+ Kg6 45. Ra5 Rd8+ 46.
Ke3 Re8+ 47. Kf4 Bc6 48. Rxa7 Re4+ 49. Kg3 Re7 50. h4 f5 51. h5+ Kg5 52. Ra5
Bd7 53. gxf5 Kf6 54. h6 Rh7 55. Rd3 Bc8 56. Rc5 Kg5 57. Rd8 Bb7 58. Rg8+ Kxh6
59. f6 Rf7 60. Kg4 1-0

[Event "Toronto Closed reserves"]
[Site "Toronto CAN"]
[Date "2010.02.23"]
[Round "5"]
[White "Plotkin, Mark"]
[Black "Stein, Mickey"]
[Result "0-1"]
[WhiteElo "1770"]
[BlackElo "2038"]
[PlyCount "112"]
[EventDate "2010.01.26"]
[EventType "tourn"]
[EventRounds "7"]
[EventCountry "CAN"]

1. d4 Nf6 2. c4 g6 3. Nf3 Bg7 4. g3 O-O 5. Bg2 d6 6. O-O Nbd7 7. Nc3 e5 8. Re1
Re8 9. e4 a6 10. a3 exd4 11. Nxd4 Ne5 12. b3 Rb8 13. h3 Bd7 14. Bb2 h6 15. f4
Nc6 16. Nd5 Nh7 17. Nxc6 bxc6 18. Bxg7 Kxg7 19. Nc3 Kg8 20. Ra2 Nf8 21. Rd2 f6
22. Re3 Qe7 23. Red3 Be6 24. g4 Nd7 25. Ne2 c5 26. Nc3 Kh7 27. Nd5 Bxd5 28.
exd5 Qe1+ 29. Kh2 Qxd1 30. Rxd1 Re2 31. a4 Kg7 32. Kg3 g5 33. Bf3 gxf4+ 34.
Kxf4 Rb2 35. Re3 Ne5 36. Rc1 R2xb3 37. Rcc3 Rxc3 38. Rxc3 Rb4 39. Be2 a5 40.
Kf5 Rxa4 41. Rb3 Rb4 42. Ra3 a4 43. Bd1 Nxc4 44. Rg3 a3 45. g5 hxg5 46. h4 a2
47. hxg5 fxg5 48. Rxg5+ Kf8 49. Ke6 a1=Q 50. Rf5+ Kg7 51. Rg5+ Kh6 52. Rh5+ Kg6
53. Rh1 Qf6+ 54. Kd7 Ne5+ 55. Kc8 Qf8+ 56. Kxc7 Qb8# 0-1

[Event "Toronto Closed reserves"]
[Site "Toronto CAN"]
[Date "2010.03.02"]
[Round "6"]
[White "Bellomo, Joe"]
[Black "Plotkin, Mark"]
[Result "0-1"]
[WhiteElo "1778"]
[BlackElo "1770"]
[PlyCount "90"]
[EventDate "2010.01.26"]
[EventType "tourn"]
[EventRounds "7"]
[EventCountry "CAN"]

1. e4 e5 2. Nf3 Nf6 3. Nxe5 d6 4. Nf3 Nxe4 5. Bc4 d5 6. Bb3 Bg4 7. d3 Nf6 8.
O-O Be7 9. Re1 O-O 10. Nbd2 c5 11. c3 Nc6 12. Nf1 h6 13. h3 Bh5 14. Ng3 Bg6 15.
Nh4 Qd7 16. Nxg6 fxg6 17. Bd2 Bd6 18. Nf1 Kh8 19. Bc2 d4 20. Nh2 Rf7 21. Bb3
Nd5 22. Qg4 Bxh2+ 23. Kxh2 Qxg4 24. hxg4 Rxf2 25. Bxd5 Rxd2 26. Be4 Rxb2 27.
cxd4 Nxd4 28. Rab1 Rxb1 29. Rxb1 Rb8 30. Bxg6 b5 31. Be4 a5 32. Rf1 b4 33. Kh3
a4 34. Bd5 b3 35. axb3 axb3 36. Bc4 b2 37. Ba2 Ne2 38. Bb1 Nc3 39. Kh4 g6 40.
g5 Rb4+ 41. Kh3 hxg5 42. Kg3 Ra4 43. Rh1+ Kg7 44. Re1 Ra1 45. Re7+ Kf6 0-1

[Event "Toronto Closed reserves"]
[Site "Toronto CAN"]
[Date "2010.03.09"]
[Round "7"]
[White "Plotkin, Mark"]
[Black "Cheron, Anthony"]
[Result "1-0"]
[WhiteElo "1770"]
[BlackElo "1925"]
[PlyCount "115"]
[EventDate "2010.01.26"]
[EventType "tourn"]
[EventRounds "7"]
[EventCountry "CAN"]

1. d4 d6 2. e4 e5 3. dxe5 dxe5 4. Qxd8+ Kxd8 5. Nf3 f6 6. Bc4 g6 7. O-O Bh6 8.
Nc3 c6 9. a4 Bxc1 10. Raxc1 Nh6 11. b4 Ke7 12. Rcd1 Rd8 13. Rxd8 Kxd8 14. Rd1+
Ke7 15. b5 Bg4 16. Rd3 Nd7 17. h3 Bxf3 18. Rxf3 Nc5 19. g4 g5 20. Kf1 Nf7 21.
Bxf7 Kxf7 22. Ke2 Rd8 23. a5 a6 24. bxc6 bxc6 25. Re3 Ne6 26. Ke1 Nd4 27. Kd1
Nf5+ 28. Rd3 Rxd3+ 29. cxd3 Nd4 30. Na2 c5 31. Nc3 Nb3 32. Na4 Ke7 33. Kc2 Nd4+
34. Kc3 Kd6 35. Nb2 Kc6 36. Kc4 Nb5 37. Na4 Nd6+ 38. Kb3 c4+ 39. Kc3 cxd3 40.
Kxd3 Kb5 41. Nc3+ Kxa5 42. Nd5 Kb5 43. Nxf6 a5 44. Nxh7 Kb4 45. Nxg5 a4 46. Kc2
a3 47. h4 Nc4 48. Kb1 Kb3 49. Nf3 a2+ 50. Ka1 Nb2 51. Ne1 Nd1 52. Nd3 Ka3 53.
h5 Nc3 54. h6 Nxe4 55. h7 Nd2 56. Nc5 Nf3 57. h8=Q Nd4 58. Qa8+ 1-0

[Event "CYCC U12"]
[Site "Victoria CAN"]
[Date "2009.07.21"]
[Round "1"]
[White "Farias, Durval"]
[Black "Plotkin, Mark"]
[Result "0-1"]
[WhiteElo "828"]
[BlackElo "1624"]
[PlyCount "44"]
[EventDate "2009.07.21"]
[EventType "swiss"]
[EventRounds "7"]
[EventCountry "CAN"]

1. c4 e5 2. Nc3 Nf6 3. d3 Nc6 4. Nf3 d5 5. cxd5 Nxd5 6. Nxd5 Qxd5 7. g3 Nd4 8.
e4 Bb4+ 9. Bd2 Nxf3+ 10. Qxf3 Bxd2+ 11. Kxd2 Qa5+ 12. Kd1 Be6 13. a3 Bb3+ 14.
Ke2 Rd8 15. Rc1 O-O 16. Rc3 Be6 17. h4 Qb5 18. Ke1 Qxb2 19. d4 exd4 20. Rb3
Bxb3 21. Bh3 Qc1+ 22. Qd1 Qxd1# 0-1

[Event "CYCC U12"]
[Site "Victoria CAN"]
[Date "2009.07.22"]
[Round "3"]
[White "Cheng, Guy"]
[Black "Plotkin, Mark"]
[Result "1/2-1/2"]
[WhiteElo "1292"]
[BlackElo "1624"]
[PlyCount "162"]
[EventDate "2009.07.21"]
[EventType "swiss"]
[EventRounds "7"]
[EventCountry "CAN"]

1. d4 e6 2. c4 d5 3. Nc3 Nc6 4. Nf3 Nf6 5. Bg5 Be7 6. e3 h6 7. Bf4 a6 8. Rc1
Bd6 9. Ne5 Bd7 10. Be2 Qe7 11. O-O g5 12. Bg3 h5 13. Nxc6 Bxc6 14. Bxd6 Qxd6
15. c5 Qe7 16. b4 Bd7 17. a4 g4 18. b5 a5 19. f3 e5 20. dxe5 Qxe5 21. Qd4 Qxd4
22. exd4 c6 23. fxg4 Nxg4 24. Bxg4 hxg4 25. Rce1+ Be6 26. Re5 Kd7 27. Rb1 Rab8
28. Re2 f5 29. Rbe1 Rhe8 30. Kf2 f4 31. Re5 Re7 32. Rg5 Rf8 33. bxc6+ bxc6 34.
Rb1 Kc7 35. Re5 Rff7 36. Re2 Bc8 37. Rbe1 Rxe2+ 38. Rxe2 f3 39. Re3 fxg2+ 40.
Kxg2 Rf4 41. Ne2 Rf7 42. Nc3 Bf5 43. Kg3 Rh7 44. Kg2 Kd7 45. Re5 Be6 46. Re3
Ke7 47. Ne2 Kf6 48. Nf4 Re7 49. Nh5+ Kg5 50. Re5+ Kg6 51. Nf4+ Kf7 52. Kg3 Bc8
53. Rxe7+ Kxe7 54. Ng6+ Kf6 55. Ne5 Kf5 56. Nxc6 Ke4 57. Ne7 Be6 58. c6 Kxd4
59. c7 Kc5 60. Kf4 d4 61. Ke4 Kc4 62. c8=Q+ Bxc8 63. Nxc8 d3 64. Nd6+ Kc3 65.
Ke3 Kb4 66. Kxd3 Kxa4 67. Nc4 Kb4 68. Nxa5 Kxa5 69. Ke4 Kb5 70. Kf4 Kc5 71.
Kxg4 Kd6 72. Kf5 Ke7 73. Kg6 Kf8 74. Kh7 Kf7 75. h4 Kf8 76. Kh8 Kf7 77. Kh7 Kf8
78. h5 Kf7 79. Kh8 Kf8 80. h6 Kf7 81. h7 Kf8 1/2-1/2

[Event "CYCC U12"]
[Site "Victoria CAN"]
[Date "2009.07.22"]
[Round "4"]
[White "Plotkin, Mark"]
[Black "Qian, Jack"]
[Result "0-1"]
[WhiteElo "1624"]
[BlackElo "1319"]
[PlyCount "62"]
[EventDate "2009.07.21"]
[EventType "swiss"]
[EventRounds "7"]
[EventCountry "CAN"]

1. e4 c5 2. Nf3 d6 3. Nc3 Nf6 4. d4 cxd4 5. Nxd4 g6 6. Bc4 Bd7 7. Be3 Bg7 8. f3
O-O 9. h4 h5 10. Qd2 Nc6 11. Nb3 Ne5 12. Be2 a6 13. Nd5 Nxd5 14. exd5 Rc8 15.
O-O-O Nc4 16. Bxc4 Rxc4 17. Bh6 Bf5 18. c3 Bxh6 19. Qxh6 Qc7 20. Qe3 Rc8 21.
Nd4 Qd7 22. Nxf5 Qxf5 23. Qxe7 Qf4+ 24. Kb1 Qg3 25. Qxb7 Qxg2 26. Qxa6 Rxc3 27.
Qf1 Qc2+ 28. Ka1 Rb8 29. Rb1 Ra3 30. Qd1 Rxa2+ 31. Kxa2 Ra8# 0-1

[Event "CYCC U12"]
[Site "Victoria CAN"]
[Date "2009.07.22"]
[Round "5"]
[White "Violette, Sebastien"]
[Black "Plotkin, Mark"]
[Result "0-1"]
[WhiteElo "1150"]
[BlackElo "1536"]
[PlyCount "55"]
[EventDate "2009.07.21"]
[EventType "swiss"]
[EventRounds "7"]
[EventCountry "CAN"]

1. e4 e5 2. Nf3 Nc6 3. Bc4 Bc5 4. Nc3 Nf6 5. O-O O-O 6. d3 h6 7. Nh4 d6 8. Nf5
Bxf5 9. exf5 Nd4 10. Nd5 Nxd5 11. Bxd5 c6 12. Bf3 Nxf5 13. c4 Re8 14. Re1 Qh4
15. g3 Nxg3 16. hxg3 Qxg3+ 17. Bg2 Qxf2+ 18. Kh2 Qh4+ 19. Bh3 Bf2 20. Qf3 Bxe1
21. Be3 Ba5 22. Bf2 Qf4+ 23. Qxf4 exf4 24. Bg4 Bb6 25. Be1 Re3 26. Rd1 Rae8 27.
Bf2 Re2 28. Bxe2 0-1

[Event "CYCC U12"]
[Site "Victoria CAN"]
[Date "2009.07.23"]
[Round "6"]
[White "Plotkin, Mark"]
[Black "Lo, Ryan"]
[Result "0-1"]
[WhiteElo "1624"]
[BlackElo "1615"]
[PlyCount "105"]
[EventDate "2009.07.21"]
[EventType "swiss"]
[EventRounds "7"]
[EventCountry "CAN"]

1. d4 Nf6 2. Nf3 g6 3. g3 Bg7 4. Bg2 d5 5. c4 c6 6. Nc3 O-O 7. O-O e6 8. Re1
Nbd7 9. e4 dxe4 10. Nxe4 Nxe4 11. Rxe4 Nb6 12. b3 Nd7 13. Rb1 b6 14. Ba3 Re8
15. d5 Nf6 16. Rd4 cxd5 17. cxd5 Nxd5 18. Rd3 Ba6 19. Rd2 Qb8 20. Rxd5 exd5 21.
Qxd5 Qd8 22. Qxd8 Raxd8 23. Bf1 Bxf1 24. Kxf1 Bf8 25. Bb2 Bg7 26. Ba3 h6 27. h4
Rc8 28. Bc1 Rc2 29. a4 Rec8 30. Ba3 Re8 31. Ne1 Ra2 32. Bc1 h5 33. Nd3 Ra1 34.
Rxa1 Bxa1 35. Bb2 Bxb2 36. Nxb2 Rc8 37. Nc4 Kg7 38. Ke2 Re8+ 39. Kd2 Kf6 40.
Ne3 Kg7 41. Kc3 Rc8+ 42. Kb4 Rc5 43. Nc4 Rf5 44. f4 Rd5 45. Kc3 Rd1 46. f5 Rg1
47. fxg6 Rxg3+ 48. Kb4 fxg6 49. a5 bxa5+ 50. Nxa5 Rg4+ 51. Kb5 Rxh4 52. Nc6 Rh1
53. Nxa7 0-1

[Event "CYCC U12"]
[Site "Victoria CAN"]
[Date "2009.07.23"]
[Round "7"]
[White "Rathburn-MacKay, Hector"]
[Black "Plotkin, Mark"]
[Result "1/2-1/2"]
[WhiteElo "1436"]
[BlackElo "1536"]
[PlyCount "100"]
[EventDate "2009.07.21"]
[EventType "swiss"]
[EventRounds "7"]
[EventCountry "CAN"]

1. e4 e5 2. Nf3 Nc6 3. Bb5 a6 4. Ba4 d6 5. O-O Nf6 6. Re1 Be7 7. c3 O-O 8. h3
h6 9. d4 Bd7 10. d5 Nb8 11. Bxd7 Nbxd7 12. c4 Re8 13. Nc3 c5 14. Nh4 Nb6 15.
Nf5 Nxc4 16. Qf3 Bf8 17. b3 Nb6 18. Qg3 Kh7 19. f4 Nbd7 20. Be3 g6 21. Nh4 Bg7
22. f5 g5 23. Nf3 Nh5 24. Qg4 Ndf6 25. Nxg5+ hxg5 26. Qxg5 Nf4 27. Qh4+ Bh6 28.
g3 Rg8 29. Kh2 N4h5 30. Bxh6 Kxh6 31. Rg1 Rc8 32. g4 Nxg4+ 33. Rxg4 Qxh4 34.
Rxh4 f6 35. Ne2 Rg5 36. Rc1 Rcg8 37. Rg1 b5 38. Rgg4 Rh8 39. Ng3 Rxg4 40. hxg4
Kg5 41. Rxh5+ Rxh5+ 42. gxh5 c4 43. bxc4 bxc4 44. Ne2 Kxh5 45. Kh3 Kg5 46. Kg3
Kh5 47. Nc3 Kg5 48. Kf3 Kh4 49. Ke2 Kg3 50. Kd2 Kf3 1/2-1/2

[Event "CAN-op"]
[Site "Edmonton CAN"]
[Date "2009.07.11"]
[Round "1.65"]
[White "Yam, Alex"]
[Black "Plotkin, Mark"]
[Result "1-0"]
[WhiteElo "2060"]
[BlackElo "1562"]
[PlyCount "61"]
[EventDate "2009.07.11"]
[EventType "swiss"]
[EventRounds "9"]
[EventCountry "CAN"]

1. e4 c5 2. c3 e6 3. d4 cxd4 4. cxd4 d5 5. e5 Nc6 6. Nf3 Bd7 7. Be2 Nge7 8. O-O
Ng6 9. Nc3 Be7 10. Be3 O-O 11. Ne1 f5 12. exf6 Bxf6 13. f4 Nge7 14. Nf3 Nf5 15.
Bf2 a6 16. Na4 Be7 17. g3 b5 18. Nc5 Bxc5 19. dxc5 Qf6 20. Qd2 Be8 21. g4 Nfe7
22. Bg3 Bg6 23. Rae1 h6 24. Bd3 Nd4 25. Ne5 Be8 26. g5 hxg5 27. fxg5 Qxf1+ 28.
Bxf1 Ndf5 29. Bh3 Nxg3 30. Bxe6+ Kh8 31. hxg3 1-0

[Event "CAN-op"]
[Site "Edmonton CAN"]
[Date "2009.07.13"]
[Round "3.66"]
[White "Kagramanov, Dalia"]
[Black "Plotkin, Mark"]
[Result "1-0"]
[WhiteElo "1941"]
[BlackElo "1562"]
[PlyCount "41"]
[EventDate "2009.07.11"]
[EventType "swiss"]
[EventRounds "9"]
[EventCountry "CAN"]

1. e4 c5 2. Nf3 Nc6 3. d4 cxd4 4. Nxd4 Nf6 5. Nc3 g6 6. Be3 d6 7. f3 Bg7 8. Qd2
Bd7 9. O-O-O O-O 10. g4 Rc8 11. h4 Nxg4 12. fxg4 Bxg4 13. Bh3 Bxh3 14. Rxh3 Ne5
15. Bg5 Qb6 16. Nd5 Qa6 17. Nxe7+ Kh8 18. Nxc8 Qxa2 19. Ra3 Qxb2+ 20. Kxb2 Nc4+
21. Kc1 1-0

[Event "CAN-op"]
[Site "Edmonton CAN"]
[Date "2009.07.14"]
[Round "4.81"]
[White "Plotkin, Mark"]
[Black "White, Chris"]
[Result "0-1"]
[WhiteElo "1562"]
[BlackElo "1766"]
[PlyCount "62"]
[EventDate "2009.07.11"]
[EventType "swiss"]
[EventRounds "9"]
[EventCountry "CAN"]

1. Nf3 d5 2. d4 Nf6 3. Bf4 e6 4. e3 Be7 5. Bd3 Nbd7 6. Nbd2 O-O 7. O-O Nh5 8.
Bg3 Nxg3 9. hxg3 c5 10. c4 dxc4 11. Bxc4 b6 12. d5 exd5 13. Bxd5 Rb8 14. Rc1
Nf6 15. Bb3 Bg4 16. a4 Nd5 17. Qe2 Nb4 18. Rfd1 Qc7 19. Nc4 Rbd8 20. Nce5 Qxe5
21. Rxd8 Bxd8 22. Rd1 Bf6 23. Rd2 Bxf3 24. Qxf3 Qe7 25. Qd1 Rd8 26. Kf1 Rxd2
27. Qxd2 Qd8 28. Qe2 Qd3 29. Qxd3 Nxd3 30. Ke2 Nxb2 31. Kd2 c4 0-1

[Event "CAN-op"]
[Site "Edmonton CAN"]
[Date "2009.07.15"]
[Round "5.79"]
[White "Plotkin, Mark"]
[Black "Nadeau, Francois"]
[Result "1/2-1/2"]
[WhiteElo "1562"]
[BlackElo "1760"]
[PlyCount "96"]
[EventDate "2009.07.11"]
[EventType "swiss"]
[EventRounds "9"]
[EventCountry "CAN"]

1. d4 d5 2. Nf3 e6 3. g3 Nf6 4. Bg2 Be7 5. c4 dxc4 6. Qa4+ c6 7. Qxc4 O-O 8.
O-O Nbd7 9. Nc3 Nb6 10. Qb3 Qc7 11. e4 Rd8 12. Bf4 Qd7 13. Rfd1 h6 14. Rac1 g5
15. Ne5 Qe8 16. Be3 Nbd7 17. Nxd7 Rxd7 18. d5 exd5 19. exd5 Ng4 20. Re1 Nxe3
21. Rxe3 cxd5 22. Nxd5 Qf8 23. Bh3 Rxd5 24. Bxc8 Rd8 25. Be6 Rd6 26. Bxf7+ Qxf7
27. Rxe7 Qxb3 28. axb3 Rb6 29. Rc3 Rd8 30. Re2 Kf7 31. Rc7+ Kg6 32. Ree7 Rb8
33. Re3 Rf8 34. Kg2 g4 35. Ree7 Rb8 36. Rg7+ Kf6 37. Rxg4 Rxb3 38. Rc2 Rd8 39.
Rf4+ Kg6 40. Rg4+ Kf6 41. Rgc4 Rd6 42. Ra4 a6 43. Ra3 Rb4 44. Rf3+ Kg6 45. b3
Rdb6 46. Rcc3 R6b5 47. h4 h5 48. Rfd3 Rb6 1/2-1/2